| 000 | 00521nam a2200181Ia 4500 | ||
|---|---|---|---|
| 003 | IN-BaIIA | ||
| 008 | 211028s9999 xx 000 0 eng d | ||
| 020 | _a978-1-84115-580-7 | ||
| 040 | _cIIA Library | ||
| 080 |
_a511 _bDUS |
||
| 100 |
_adu Sautoy, Marcus _936075 |
||
| 245 | 4 |
_aThe Music of the primes _bwhy an unsolved problems in mathematics matters _cMarcus du Sautoy |
|
| 260 |
_aLondon _bHarper Perennial _c2004 |
||
| 300 | _a335p. | ||
| 650 |
_aMathematics _982 |
||
| 650 |
_aPrime numbers _936076 |
||
| 942 | _cBK | ||
| 999 |
_c18868 _d18868 |
||